000
00344nam a2200133Ia 4500
008
100328s9999 xx 000 0 und d
082
_b
34955
100
_a
बोरकर कमलाकर
245
_a
पैलतीर
260
_b
त्रिदल
630
_a
पैलतीर
730
_a
पैलतीर
942
_c
BOOK
999
_c
524971
_d
524968